000 00540nam a22001937a 4500
999 _c3023
_d3023
003 OSt
005 20230925091408.0
008 230925b ||||| |||| 00| 0 eng d
020 _a9789672190202
040 _cKH8
082 _a400 OTH
100 _aSyahril Othman,
_eauthor.
245 _aMalay IGCSE Grammar Exercise Book Volume 2 /
_cSyahril Othman.
260 _aMalaysia ;
_bSyahril Education Enterprise.
440 _vVolume 2
650 _aMalay language
_vGrammar
650 _aMalay language
_vForeign language
942 _2ddc
_cTR